000
00233nam a22000857a 4500
008
170626b xxu||||| |||| 00| 0 eng d
100
_9
3702
_a
Malhotra. S
245
_a
Physics Question Bank- XII
260
_a
New Delhi
_b
Tata publication
_c
2009
999
_c
7123
_d
7123